| 000 | 00644cam a2200229 4500 | ||
|---|---|---|---|
| 008 | |||
| 049 | _aMAIN | ||
| 090 | _aQA911 MIL | ||
| 100 | 1 | _aMilne-Thomson, L. M. | |
| 245 | 1 | 0 |
_aTheoretical hydrodynamics / _cMilne-Thomson L. M. |
| 250 | _a4th ed. | ||
| 260 |
_aNew York : _bMacmillan, _c[1960]. |
||
| 300 |
_axxii, 660 p. : _bill. ; _c25 cm. |
||
| 500 | _aIncludes index. | ||
| 504 | _aIncludes bibliographical references. | ||
| 650 | 0 | _aHydrodynamics. | |
| 907 |
_a.b10249977 _b27-08-07 _c27-08-07 |
||
| 003 | |||
| 005 | 20230123134504.0 | ||
| 040 | _cNUST | ||
| 942 |
_cBOOKS _kQA911 MIL |
||
| 999 |
_c166827 _d166827 |
||